Čo nepoznáme, nemôžeme ani skontrolovať

Ochranné prvky európskeho platidla, dôležité pre verejnosť aj pre pokladníkov na overenie pravosti bankovky. Vodoznak, ochranný prúžok, sútlačová značka, holografický prúžok, medailón s hologramom a iné.

Salvato in:
Dettagli Bibliografici
Autore principale: Schlosser, Gabriel
Natura: Capitolo di libro
Lingua:slovacco
Soggetti:
Tags: Aggiungi Tag
Nessun Tag, puoi essere il primo ad aggiungerne!!

MARC

LEADER 00000naa$a2200000$$$4500
001 0070746
005 20231019090059.0
041 0 |a slo 
044 |a SK 
245 1 0 |a Čo nepoznáme, nemôžeme ani skontrolovať  |c Gabriel Schlosser 
520 |a Ochranné prvky európskeho platidla, dôležité pre verejnosť aj pre pokladníkov na overenie pravosti bankovky. Vodoznak, ochranný prúžok, sútlačová značka, holografický prúžok, medailón s hologramom a iné. 
610 2 0 |a mena 
610 2 0 |a euro 
610 2 0 |a bankovky 
610 2 0 |a mince 
100 1 |a Schlosser, Gabriel